قندس الخياط / (رقم التسجيلة. 36613)

تفاصيل مارك
000 -LEADER
fixed length control field 00454nam a22001577a 4500
005 - DATE AND TIME OF LATEST TRANSACTION
control field 20251108170001.0
008 - FIXED-LENGTH DATA ELEMENTS--GENERAL INFORMATION
fixed length control field 250721s1999 xx 000 0 ara d
082 14 - DEWEY DECIMAL CLASSIFICATION NUMBER
Classification number ط/ق/كلي
100 1# - MAIN ENTRY--PERSONAL NAME
Personal name كلينتنغ، لارس
245 10 - TITLE STATEMENT
Title قندس الخياط /
264 1# - PRODUCTION, PUBLICATION, DISTRIBUTION, MANUFACTURE, AND COPYRIGHT NOTICE
Place of production, publication, distribution, manufacture ستوكهلم :
Name of producer, publisher, distributor, manufacturer دار المني،
Date of production, publication, distribution, manufacture, or copyright notice 1999.
650 17 - SUBJECT ADDED ENTRY--TOPICAL TERM
Topical term or geographic name as entry element القصص العربية
700 1# - ADDED ENTRY--PERSONAL NAME
Personal name إبراهيم، سكينة
Relator term ترجمة
942 ## - ADDED ENTRY ELEMENTS (KOHA)
Source of classification or shelving scheme Dewey Decimal Classification
Koha item type كتب
المقتنيات
حالة السحب حالة الفقدان مصدر التصنيف حالة التلف غير قابل للإعارة المكتبة الرئيسية المكتبة الحالية موقع الرف تاريخ التزويد الرقم المتسلسل Total Checkouts رقم الإستدعاء الباركود تاريخ آخر ظهور تاريخ الفاتورة نوع المادة (كوها)
    Dewey Decimal Classification     المكتبة المركزية المكتبة المركزية الأطفال 31/10/2016 1617522   ط/ق/كلي PLD00397476 28/07/2025 31/10/2016 كتب
    Dewey Decimal Classification     مكتبة أم قصير والمقابلين العامة مكتبة أم قصير والمقابلين العامة الأطفال 06/07/2004 346487   ط/ق/كلي 346487 28/07/2025 06/07/2004 كتب
    Dewey Decimal Classification     مكتبة الراية الهاشمية للأطفال مكتبة الراية الهاشمية للأطفال الأطفال 14/09/2015 0346496   ط/ق/كلي PLD00347002 28/07/2025 14/09/2015 كتب
    Dewey Decimal Classification Unchecked   مكتبة صويلح العامة مكتبة صويلح العامة الأطفال 06/07/2004 346480   ط/ق/كلي   28/07/2025 06/07/2004 كتب
Implemented & Customized by: BBB with SCIT (Smart Chains for Information Technology)

Powered by Koha